000
00256nam a2200097Ia 4500
001
679720
005
20250826161101.0
008
250824s9999 xx 000 0 und d
245
0
_a
İYİ UYKULAR DEDEKTİF
_c
SİLVİA RONCAGLIA
260
_b
GÜNIŞIĞI YAYINLARI
999
_c
679720
_d
679720